|
|
|
|
| LEADER |
00000nam0a2200000 4500 |
| 001 |
29008 |
| 005 |
20231030203055.0 |
| 010 |
|
|
|a 5020296937
|
| 035 |
|
|
|a (RuTPU)RU\TPU\book\29266
|
| 035 |
|
|
|a BOOK00029341
|
| 090 |
|
|
|a 29008
|
| 100 |
|
|
|a 20011209d1992 k y0rusy50 ca
|
| 101 |
0 |
|
|a rus
|
| 102 |
|
|
|a RU
|
| 105 |
|
|
|a a 001|y
|
| 200 |
1 |
|
|a Сильноточный дуговой разряд в магнитном поле
|
| 210 |
|
|
|a Новосибирск
|c Наука
|d 1992
|
| 215 |
|
|
|a 265 с.
|c ил.
|
| 320 |
|
|
|a Библиогр.: с. 250-265.
|
| 461 |
|
|
|t Низкотемпературная плазма
|f Под ред. М. Ф. Жукова
|v Т. 7
|
| 610 |
1 |
|
|a физика
|
| 610 |
1 |
|
|a низкотемпературная плазма
|
| 610 |
1 |
|
|a магнитное поле
|
| 610 |
1 |
|
|a дуговые разряды
|
| 610 |
1 |
|
|a ускорители
|
| 675 |
|
|
|a 533.9
|v 3
|
| 702 |
|
1 |
|a Жуков
|b М. Ф
|
| 801 |
|
0 |
|a RU
|b 63413507
|c 20011209
|g PSBO
|
| 801 |
|
2 |
|a RU
|b 63413507
|c 20070222
|g PSBO
|
| 942 |
|
|
|c BK
|